[Event "Amber-rapid 20th"]
[Site "Monte Carlo"]
[Date "2011.03.23"]
[Round "10"]
[White "Carlsen, Magnus"]
[Black "Grischuk, Alexander"]
[Result "1-0"]
[WhiteElo "2815"]
[BlackElo "2747"]
[Annotator "Ftacnik,L"]
[PlyCount "87"]
[EventDate "2011.03.12"]
[EventType "tourn (rapid)"]
[EventRounds "11"]
[EventCountry "MNC"]
[EventCategory "21"]
[SourceTitle "CBM 142"]
[Source "ChessBase"]
[SourceDate "2011.05.17"]

1. e4 c5 2. Nc3 d6 3. Nf3 a6 4. d4 cxd4 5. Nxd4 Nf6 6. Be3 Ng4 7. Bg5 h6 8. Bh4
g5 9. Bg3 Bg7 10. Qd2 {The natural move of the queen is by no means a sideline,
but it has some catching to do to the two main alternatives.} (10. h3) (10. Be2
) 10... Nc6 11. Nb3 Be6 12. h4 gxh4 13. Bxh4 Qb6 {Grischuk might have been a
bit surprised by the twist in the opening. Black's main defence could well be
tied to the rook move 13...Rc8, even though the move order is probably not so
important here.} (13... Rc8 14. O-O-O (14. f3 Nge5 15. Bf2 h5 16. Be3 Na5 17.
Qf2 Nac4 18. Bxc4 Nxc4 19. Bd4 Bxd4 20. Qxd4 Kd7 21. Na4 Kc7 22. O-O-O Qg8 $11
{1/2-1/2 Zezulkin,J (2465)-Kempinski,R (2530)/Koszalin 1997 (36)}) 14... Nb4 (
14... b5 15. Nd5 Nge5 16. c3 (16. f4 $2 Nc4 17. Bxc4 bxc4 18. Na1 Bxd5 19. exd5
c3) 16... Nc4 17. Bxc4 $2 (17. Qc2 Bxd5 18. exd5 (18. Rxd5) 18... Nb4 19. Qf5
Nxa2+ 20. Kb1 Nxb2) (17. Qe1 $13) 17... bxc4 18. Nd4 Bxd5 $2 (18... Bxd4 $1 19.
cxd4 Bxd5 20. exd5 c3 21. bxc3 (21. Qc2 cxb2+ (21... Nb4 22. Qa4+) 22. Kxb2 (
22. Kb1 Nxd4 23. Qa4+ Nb5) 22... Nb4 (22... Nxd4 23. Qa4+ Nb5 24. Rhe1 Rc7 $13)
23. Qa4+ Kf8 24. Qb3 Rb8 25. Ka1) 21... Nb4 22. Rh3 Nxd5 $15) 19. exd5 (19. Nf5
Bxe4 20. Nxg7+ Kf8 21. Qf4 Kxg7 22. Qxe4 Ne5 $15) 19... Nxd4 (19... Bxd4 20.
dxc6 $1 Be5 21. f4 Bg7 22. Rhe1 $16) 20. cxd4 c3 21. bxc3 Qa5 22. Rh3 $14 {
1/2-1/2 Hennigan,M (2415)-Hodgson,J (2625)/Dundee 1993 (50)}) 15. Kb1 Qb6 16.
f3 a5 $2 (16... Ne5 17. Bf2 $16) (16... Ne3 $1 17. Bf2 $8 Rxc3 $1 (17... Nxf1
18. Rhxf1 $14) 18. bxc3 Nxd1 19. Bxb6 Nxc3+ 20. Kc1 $8 Nbxa2+ 21. Kb2 Nxe4+ 22.
Qd4 $8 Bxd4+ 23. Bxd4 Ng3 24. Bxh8 Nxh1 25. Kxa2 Ng3 26. Bd3 f6 $1 27. Bh7 Nf5
$1 28. Bxf5 Bxf5 $10 {Shirov}) 17. fxg4 Rxc3 18. bxc3 Nxa2 19. Bf2 $1 $18 (19.
Kxa2 $2 a4 20. Rb1 axb3+ 21. cxb3 O-O $40) 19... Qc6 20. Kxa2 a4 21. Bd4 axb3+
22. cxb3 Qa4+ 23. Kb1 Qxb3+ 24. Kc1 $18 {1-0 Shirov,A (2670)-Oll,L (2585)/Wijk
aan Zee 1993 (33)}) 14. O-O-O Rc8 (14... h5 15. Kb1 Nce5 16. Nd4 Rc8 17. Rh3 (
17. f3 Bh6 18. f4 Ng6 19. Bg5 $14) 17... Ng6 18. Nxe6 fxe6 19. Qg5 {0-1 Szuk,B
(2315)-Tzoumbas,A (2215)/Szombathely 1993 (35)} Rh6 $19) 15. Kb1 (15. f3 Bxc3
$5 16. Qxc3 Nce5 17. Qd4 Qxd4 18. Nxd4 Ne3 19. Re1 Nxf1 20. Rexf1 Bd7 21. b3 f6
22. Kd2 Kf7 23. Bf2 $11 {1/2-1/2 Leko,P (2555)-Topalov,V (2645)/Cap d'Agde
1994 (54)}) 15... h5 $2 {For better or worse this idea of opening the c1-h6
diagonal is flawed. Black had to find the courage for the principled solution
with the elimination of the dangerous c3-knight.} (15... Bxc3 $5 16. Qxc3 Rg8
17. Qd2 Nb4 18. Rc1 a5 19. a4 Ne5 $13) 16. Nd5 $1 Bxd5 (16... Qa7 $2 17. f3
Nge5 18. Bf2 $16) 17. exd5 Nce5 18. Re1 (18. Be2 Bf6 (18... Bh6 19. Qe1 Bg7 20.
c3 $16) 19. Bxg4 Nxg4 20. f3 Bxh4 21. Rxh4 Ne5 22. Re1 $16) 18... Ng6 19. f3 {
The black king is stuck in the centre and will duly become an target for
White's attack.} Bh6 (19... Bf6 20. Bg5 Bxg5 21. Qxg5 N4e5 22. c3 $16) 20. Qe2
N4e5 (20... Ne3 21. Bf2 Rxc2 22. Qxc2 Nxc2 23. Bxb6 Nxe1 24. Bf2 Nxg2 25. Bxg2
$16) 21. Bf2 Qc7 22. Qe4 {The second player is definitely soft on the light
squares and will sorely miss his absent bishop.} (22. c3 Qd7 23. Nd4 $16) 22...
Bg7 23. Bd4 (23. Nd4 Bf6 24. Nf5 $16) 23... Bf6 (23... h4 24. c3 Bh6 25. Bf2
$16) 24. Be2 Nd7 (24... Bh4 25. Rxh4 Nxh4 26. Qxh4 Qxc2+ 27. Ka1 Qf5 28. Bc3
$18) 25. Bd3 Be5 (25... Bxd4 26. Qxd4 Rg8 27. Rxh5 $18) 26. Qf5 {Objectively
strongest was to start advancing the kingside pawns as that would help to
break up Grischuk's central setup.} (26. g3 $1 Nf6 (26... Bxg3 $2 27. Bxh8 Bxe1
28. Rxe1 $18) 27. Qe2 h4 28. Bxg6 fxg6 29. f4 Bxd4 30. Nxd4 Nxd5 31. Qe6 Qc4
32. Qxd6 $16) 26... Nf4 27. Bxe5 dxe5 (27... Nxd3 $6 28. cxd3 dxe5 29. Rc1 Qb8
30. Rxc8+ Qxc8 31. Rc1 Qb8 32. d4 $18) 28. g3 Nxd3 (28... Nxd5 29. Rxh5 Rxh5
30. Qxh5 e6 31. a3 $16) 29. Qxd3 Qc4 (29... Nf6 30. Qf5 h4 31. Rxh4 Rxh4 32.
gxh4 Nxd5 33. Rxe5 e6 34. h5 $16) 30. Qd2 b6 (30... Qc7 31. f4 $16) 31. Rh4 Qc7
32. f4 {The misery for Black continues in a new form. Carlsen has safely
secured his queenside and is now ready to use all his forces in the attack.} f6
(32... exf4 $2 33. d6 $18) 33. g4 (33. Qe2 $5 a5 34. Rxh5 Rg8 35. fxe5 Nxe5 (
35... Qc4 36. e6 Ne5 37. Qf2 $18) 36. Nd4 Qc5 37. Rxe5 fxe5 38. Qh5+ Kd7 39.
Qf5+ Ke8 40. d6 $1 $18) 33... a5 34. Rxh5 Rg8 (34... Rxh5 35. gxh5 a4 36. Nc1
Qc4 37. Nd3 Qxd5 38. h6 $18) 35. g5 $1 {The opening of the position is still
the main goal. Good chess play can be both simple and attractive.} a4 36. Nc1
a3 (36... fxg5 37. fxe5 Nxe5 38. Rh7 a3 39. Nd3 Nxd3 40. Qxd3 $18) 37. gxf6
exf6 (37... axb2 38. Kxb2 Rg2 39. Rh8+ Nf8 40. Ne2 $18) 38. fxe5 fxe5 (38...
Nxe5 39. Nd3 $18) 39. Nd3 {The only cover for the black king is now the poor,
hopelessly weak pawn e5.} axb2 40. Nxe5 Nxe5 41. d6 (41. Rhxe5+ Kd8 42. Qf2 $18
) 41... Qd7 42. Qd5 Kf8 43. Qxe5 Rc5 44. Rf1+ {Testing Carlsen's attacking
prowess is appealing for fans, but a hard task for any brave player
undertaking the challenge.} 1-0

[Event "Amber-blindfold 20th"]
[Site "Monte Carlo"]
[Date "2011.03.22"]
[Round "9"]
[White "Carlsen, Magnus"]
[Black "Anand, Viswanathan"]
[Result "0-1"]
[WhiteElo "2815"]
[BlackElo "2817"]
[PlyCount "90"]
[EventDate "2011.03.12"]
[EventType "tourn (rapid)"]
[EventRounds "11"]
[EventCountry "MNC"]
[EventCategory "21"]
[SourceTitle "CBM 142"]
[Source "ChessBase"]
[SourceDate "2011.05.17"]

1. e4 c5 2. Nc3 d6 3. f4 g6 4. Nf3 Bg7 5. Bb5+ Bd7 6. Bc4 Nc6 7. O-O Na5 8. d3
Nxc4 9. dxc4 Bxc3 10. bxc3 Bc6 11. e5 Qc7 12. Qd3 f5 13. Ng5 h6 14. Qh3 dxe5
15. Be3 e4 16. Ne6 Qc8 17. Nxc5 Nf6 18. Bd4 Kf7 19. Rae1 a5 20. Re2 b5 21. Nb3
bxc4 22. Nd2 Bd5 23. Rfe1 Qd8 24. Qh4 e6 25. Rb1 Qe7 26. Nxc4 Nd7 27. Qxe7+
Kxe7 28. Ne3 Rhb8 29. Rxb8 Rxb8 30. c4 Bc6 31. Rd2 e5 32. Bxe5 Nxe5 33. fxe5 f4
34. Nd5+ Bxd5 35. Rxd5 Rb1+ 36. Kf2 Rb2 37. Rd4 Rxc2+ 38. Kf1 f3 39. gxf3 exf3
40. Rd6 g5 41. Rxh6 Rxa2 42. h3 a4 43. Rf6 Ra1+ 44. Kf2 a3 45. Ra6 a2 0-1

[Event "Amber-rapid 20th"]
[Site "Monte Carlo"]
[Date "2011.03.22"]
[Round "9"]
[White "Anand, Viswanathan"]
[Black "Carlsen, Magnus"]
[Result "0-1"]
[WhiteElo "2817"]
[BlackElo "2815"]
[Annotator "Carlsen,M"]
[PlyCount "86"]
[EventDate "2011.03.12"]
[EventType "tourn (rapid)"]
[EventRounds "11"]
[EventCountry "MNC"]
[EventCategory "21"]
[SourceTitle "CBM 142"]
[Source "ChessBase"]
[SourceDate "2011.05.17"]

1. e4 e5 {After my 100% record with the French Defence was ruined against
Karjakin, (to be fair I was not even close to retaining it) I had to play
something else.} 2. Nf3 Nc6 3. Bb5 Nf6 {Declaring my readiness to suffer in a
slightly worse ending against the World Champion.} 4. Qe2 {A surprise; Anand
avoids the Berlin endgame from time to time, but usually with 4.d3.} a6 {
For whatever reason I suddenly got very creative here, and started considering
several reasonable and unreasonable options like ...Qe7, ...Bd6 and ,,,g6.
After a while I came to my senses and played a normal move.} 5. Ba4 Be7 {
Most sensible people play ...b5 first here, and indeed it makes sense not to
give White the option of retreating the bishop to c2.} 6. c3 d6 7. O-O O-O 8.
d4 Bd7 9. d5 Nb8 10. Bxd7 Nbxd7 11. c4 {Black should be a little bit worse
here. However, as my position seemed a whole lot sounder than it did at this
point in the blindfold game, (notably, no tripled pawns) I was not that
worried.} g6 (11... a5 {here or on one of the next few moves makes little
sense to me, as White will soon play b4 anyway, and I will have given up the
b5-square and possibly the a-file for very little.}) 12. Nc3 Nh5 13. Rb1 Ng7
14. b4 {I was playing way too quickly around here to consider subtleties like
the possibility of playing c5 here, which closes the position and makes it
hard to create anything serious on the queenside for White in the near future.
However, when I hit upon this idea a few moves later I also remembered a game
Anand-Short with the same structure, which Anand won in good style so I did
not really regret choosing another plan.} (14. Ne1 {followed by Nd3 is
desirable strategically, but it allows} Bg5 {and after exchanging the
dark-squared bishops Black must be fine.}) 14... f5 15. Be3 Rb8 (15... Nf6 16.
Rfd1 {with c4-c5 to come looks very pleasant for White as I don't really want
to take on e4. Thus, the knight is better placed on d7.}) 16. Rfd1 {
Considering what happened in the game, it might be suggested that the rook
should have been put on c1 instead. The rook would be very useful on d1 if the
centre was to be opened, but as soon as I close the position with f4, the rook
is naturally not doing much here.} (16. c5 dxc5 17. bxc5 f4 {works out well
for Black.}) 16... Qe8 17. a4 f4 {There isn't really much else for Black to do
here. Without the light-squared bishops White will never be mated on the
kingside of course, but at least I will manage to create some counterplay and
not give White a free hand on the kingside.} 18. Bd2 g5 19. h3 (19. Ne1 Qg6 20.
f3 h5 21. Nd3 g4 {was another option for White. White is clearly at least ok
here, but as long as White is not breaking through on the queenside any time
soon Black certainly has chances.}) 19... h5 20. Nh2 Qg6 21. f3 Ne8 $1 {
It is important to put this knight on f6 (it was just an obstruction on g7)
rather than the other knight, which has a very useful defensive function on d7.
} 22. Rdc1 Nef6 23. Kf1 $2 {The critical moment, where Anand chooses the wrong
defensive plan.} (23. Nd1 {with the intention of putting this knight on f2 and
stopping g4 would be one move too late:} g4 24. hxg4 hxg4 25. Nxg4 Nxg4 26.
fxg4 Bh4 $1 {followed by ...Nf6 with a very strong initative.}) (23. Kh1 g4 24.
Rg1 {would have been better, as Black is not breaking through any time soon,
and White might even have ideas of playing g3 some day. On the other hand,
White is clearly not going to do any serious damage on the queenside either,
with the knight on h2 and rook on g1.}) 23... Kf7 24. Ke1 $6 {The continuation
of a bad plan. White has not enough time to protect everything after Black
invades on the g-file.} g4 25. Kd1 gxh3 26. gxh3 Rg8 27. Kc2 Qg2 28. Rh1 Qxe2
29. Nxe2 Rg2 30. Kd3 Nb6 {Now White is losing a pawn by force.} 31. Rbg1 Rbg8
32. Rxg2 (32. Ng4 Rxg1 33. Nh6+ Kg6 {just doesn't work.}) 32... Rxg2 33. a5 (
33. Nc3 Nxc4 {is no better.}) 33... Nxc4 34. Bc1 b5 35. axb6 Nxb6 36. Nf1 Nh7 {
Intending ...Bh4 followed by ...Ng5, and} 37. h4 (37. Rg1 Rf2 {doesn't help.})
37... Nf8 38. Bd2 Ng6 39. Be1 Na4 {White is almost in complete zugzwang. As is
easy to see, neither of his knights can move, and after} 40. Rg1 (40. Kd2 Nb2 {
his king is stalemated too.}) 40... Rxg1 41. Nxg1 Bxh4 {Black does not have an
immediate breakthrough, but with two extra pawns the game is obviously decided.
} 42. Bd2 Ke7 43. Nh3 Kd7 {...c7-c6 is next, and White has no chances of
saving the game. A nice, smooth win, even if it was not Anand's finest hour.}
0-1

[Event "Amber-blindfold 20th"]
[Site "Monte Carlo"]
[Date "2011.03.20"]
[Round "8"]
[White "Topalov, Veselin"]
[Black "Carlsen, Magnus"]
[Result "1/2-1/2"]
[WhiteElo "2775"]
[BlackElo "2815"]
[PlyCount "51"]
[EventDate "2011.03.12"]
[EventType "tourn (rapid)"]
[EventRounds "11"]
[EventCountry "MNC"]
[EventCategory "21"]
[SourceTitle "CBM 142"]
[Source "ChessBase"]
[SourceDate "2011.05.17"]

1. e4 e5 2. Nf3 Nc6 3. Bb5 a6 4. Ba4 Nf6 5. O-O Be7 6. Re1 b5 7. Bb3 d6 8. c3
O-O 9. h3 Nb8 10. d4 Nbd7 11. Nbd2 Bb7 12. Bc2 Re8 13. a4 Bf8 14. Bd3 c6 15.
Nf1 c5 16. axb5 axb5 17. Rxa8 Qxa8 18. dxe5 Nxe5 19. Bxb5 Bxe4 20. Rxe4 Qxe4
21. Bxe8 Nxf3+ 22. Qxf3 Qxe8 23. c4 Qe5 24. b3 d5 25. cxd5 Qxd5 26. Qxd5
1/2-1/2

[Event "Amber-rapid 20th"]
[Site "Monte Carlo"]
[Date "2011.03.20"]
[Round "8"]
[White "Carlsen, Magnus"]
[Black "Topalov, Veselin"]
[Result "1-0"]
[WhiteElo "2815"]
[BlackElo "2775"]
[PlyCount "57"]
[EventDate "2011.03.12"]
[EventType "tourn (rapid)"]
[EventRounds "11"]
[EventCountry "MNC"]
[EventCategory "21"]
[SourceTitle "CBM 142"]
[Source "ChessBase"]
[SourceDate "2011.05.17"]

1. e4 c5 2. Nc3 d6 3. f4 Nc6 4. Nf3 g6 5. Bb5 Bd7 6. O-O a6 7. Bxc6 Bxc6 8. d3
Bg7 9. Qe1 Qd7 10. a4 f5 11. Nd5 fxe4 12. dxe4 Rb8 13. Ng5 Bxd5 14. exd5 Qf5
15. Ne6 Bf6 16. Qe2 h5 17. Ra3 Nh6 18. Rg3 Kd7 19. Rg5 Bxg5 20. fxg5 Qxd5 21.
Nf4 Qd4+ 22. Be3 Qe4 23. gxh6 Rxh6 24. Nd5 Rhh8 25. Qd2 Rhf8 26. Re1 Rf5 27.
Nb6+ Kc6 28. Bxc5 Rbf8 29. Bd4 1-0

[Event "Amber-rapid 20th"]
[Site "Monte Carlo"]
[Date "2011.03.19"]
[Round "7"]
[White "Kramnik, Vladimir"]
[Black "Carlsen, Magnus"]
[Result "0-1"]
[WhiteElo "2785"]
[BlackElo "2815"]
[PlyCount "61"]
[EventDate "2011.03.12"]
[EventType "tourn (rapid)"]
[EventRounds "11"]
[EventCountry "MNC"]
[EventCategory "21"]
[SourceTitle "CBM 142"]
[Source "ChessBase"]
[SourceDate "2011.05.17"]

1. Nf3 Nf6 2. c4 b6 3. g3 c5 4. Bg2 Bb7 5. O-O e6 6. Nc3 a6 7. b3 Be7 8. Bb2
O-O 9. e3 d6 10. d4 Ne4 11. d5 Nxc3 12. Bxc3 exd5 13. Ne1 Bf6 14. Bxf6 Qxf6 15.
Rc1 Qf5 16. Nd3 Nd7 17. Nf4 Nf6 18. Re1 Rfe8 19. h3 Re5 20. g4 Qd7 21. Nxd5
Bxd5 22. cxd5 Qe7 23. Qd3 g5 24. Kf1 Nd7 25. a4 Rf8 26. Qxa6 f5 27. Qb7 fxg4
28. hxg4 Rxe3 29. Qa6 Qf6 30. Re2 Ne5 31. Rce1 0-1

[Event "Amber-blindfold 20th"]
[Site "Monte Carlo"]
[Date "2011.03.19"]
[Round "7"]
[White "Carlsen, Magnus"]
[Black "Kramnik, Vladimir"]
[Result "1-0"]
[WhiteElo "2815"]
[BlackElo "2785"]
[PlyCount "181"]
[EventDate "2011.03.12"]
[EventType "tourn (rapid)"]
[EventRounds "11"]
[EventCountry "MNC"]
[EventCategory "21"]
[SourceTitle "CBM 142"]
[Source "ChessBase"]
[SourceDate "2011.05.17"]

1. e4 e5 2. Nf3 Nf6 3. Nxe5 d6 4. Nf3 Nxe4 5. d4 d5 6. Bd3 Bd6 7. O-O O-O 8. c4
c6 9. Qc2 Na6 10. a3 Bg4 11. Ne5 Bf5 12. Nc3 Bxe5 13. dxe5 Nac5 14. cxd5 Nxd3
15. Qxd3 Nxc3 16. Qxf5 Nxd5 17. Bd2 Qb6 18. Qc2 Rae8 19. Rae1 Re6 20. Re4 f6
21. exf6 Rexf6 22. Bc1 h6 23. Qe2 Kh8 24. h3 Qb3 25. f3 Rg6 26. Kh1 Rd6 27. Re1
Nf6 28. Re3 Qd5 29. Re5 Qd4 30. Re7 Rd7 31. Be3 Qa4 32. Rxd7 Nxd7 33. Qd2 Nf6
34. Bc5 Rf7 35. Qd3 b6 36. Be7 Ng8 37. Bb4 c5 38. Bc3 Qc6 39. Qc4 Qd7 40. Re6
b5 41. Qg4 Re7 42. Rg6 Qxg4 43. Rxg4 Kh7 44. Re4 Rb7 45. Re5 b4 46. axb4 cxb4
47. Bd4 Ne7 48. Re6 a5 49. Ra6 Rd7 50. Bc5 Ng6 51. Rxa5 Rd1+ 52. Kh2 Rd2 53.
Ra7 Nh4 54. Kg3 Nf5+ 55. Kf4 Rxg2 56. Rb7 Nh4 57. Bd4 Ng6+ 58. Ke3 Nh4 59. Ke4
Re2+ 60. Kd3 Rg2 61. Ke4 Re2+ 62. Kd5 Nf5 63. Be5 Kg6 64. f4 Rd2+ 65. Ke6 Rd8
66. Rxb4 Re8+ 67. Kd7 Re7+ 68. Kc6 Kh5 69. Rb7 Re8 70. b4 g5 71. Rf7 Ne3 72. b5
Nc4 73. Bc7 Kg6 74. Rd7 Re3 75. Kc5 Rc3 76. Kb4 Rc1 77. fxg5 hxg5 78. Rd4 Ne3
79. Rd6+ Kf5 80. b6 Rb1+ 81. Kc5 g4 82. hxg4+ Nxg4 83. Rd5+ Ke6 84. Rd6+ Kf5
85. Rd4 Nf6 86. Kc6 Rc1+ 87. Kb7 Ke6 88. Rd6+ Ke7 89. Kc8 Ne8 90. Rd7+ Ke6 91.
b7 1-0

[Event "Amber-blindfold 20th"]
[Site "Monte Carlo"]
[Date "2011.03.18"]
[Round "6"]
[White "Karjakin, Sergey"]
[Black "Carlsen, Magnus"]
[Result "1/2-1/2"]
[WhiteElo "2776"]
[BlackElo "2815"]
[PlyCount "86"]
[EventDate "2011.03.12"]
[EventType "tourn (rapid)"]
[EventRounds "11"]
[EventCountry "MNC"]
[EventCategory "21"]
[SourceTitle "CBM 142"]
[Source "ChessBase"]
[SourceDate "2011.05.17"]

1. e4 e6 2. d4 d5 3. Nc3 Nf6 4. e5 Nfd7 5. f4 c5 6. Nf3 Nc6 7. Be3 a6 8. Qd2 b5
9. dxc5 Bxc5 10. Bd3 Qb6 11. Bf2 b4 12. Na4 Bxf2+ 13. Qxf2 Qxf2+ 14. Kxf2 a5
15. Rac1 Ba6 16. Bxa6 Rxa6 17. c4 bxc3 18. Rxc3 Ke7 19. Rhc1 Nb4 20. Rb3 Rc6
21. Rxc6 Nxc6 22. Rb7 Kd8 23. Ng5 Kc8 24. Nxf7 Kxb7 25. Nxh8 Nd8 26. Ke3 Kc6
27. Kd4 Kb5 28. Nc3+ Kb4 29. Nxd5+ exd5 30. Kxd5 Nc5 31. f5 Kb5 32. e6 Nc6 33.
g4 Kb6 34. Nf7 Ne7+ 35. Kd6 Nc8+ 36. Kd5 Ne7+ 37. Kd6 Nc8+ 38. Ke5 Ne7 39. g5
Nc6+ 40. Kd6 Nd4 41. Ke5 Nc6+ 42. Kd6 Nd4 43. Ke5 Nc6+ 1/2-1/2

[Event "Amber-rapid 20th"]
[Site "Monte Carlo"]
[Date "2011.03.18"]
[Round "6"]
[White "Carlsen, Magnus"]
[Black "Karjakin, Sergey"]
[Result "1-0"]
[WhiteElo "2815"]
[BlackElo "2776"]
[Annotator "Moradiabadi"]
[PlyCount "67"]
[EventDate "2011.03.12"]
[EventType "tourn (rapid)"]
[EventRounds "11"]
[EventCountry "MNC"]
[EventCategory "21"]
[SourceTitle "CBM 142"]
[Source "ChessBase"]
[SourceDate "2011.05.17"]

1. e4 e5 2. Nf3 Nc6 3. Bb5 a6 4. Ba4 Nf6 5. O-O Be7 6. d3 $5 {A typical choice
from Carlsen. He does not go into the usual forced lines of Spanish. On the
other hand, he prepares to put long term pressure on his opponent.} b5 7. Bb3
d6 8. a4 b4 9. Nbd2 O-O 10. Re1 Na5 11. Ba2 c5 12. c3 Rb8 13. d4 cxd4 $6 {
Not a novelty but there is no much debate about this move. It seems quite
dubious to me. I believe that Karjakin had to keep the tension for a while and
had to go for the usual ...Qc7.} (13... Qc7 14. dxe5 dxe5 15. Nc4 Rd8 16. Qe2 {
and Black is just fine after b3:} b3 (16... Nxc4 17. Bxc4 bxc3 {is also ok for
Black}) 17. Nxa5 Qxa5 18. Bb1 c4 $1 19. Qxc4 Bc5 20. h3 {1/2-1/2 (45)
Cheparinov,I (2696)-Aronian,L (2763)/Sofia 2008/CBM 124 (45). And Black has
enough compensation for the sacrificed pawn.}) 14. cxd4 Qc7 15. Nb3 Nxb3 16.
Bxb3 Bg4 $6 {This does not create any real pressure on d4.} 17. Bg5 (17. h3
Bxf3 18. Qxf3 exd4 19. Bf4 {and White is just better, Carlsen's choice is also
good enough.}) 17... exd4 18. Qxd4 Bxf3 19. gxf3 {[%csl Gb3,Gg5]} Nh5 20. Rac1
Qd7 21. Bxe7 $5 {A risky decision. White drops Qd2 (which could have brought
him a slight but stable advantage) for a drastic sequence.} Qxe7 22. e5 Qg5+ $2
(22... dxe5 23. Rxe5 Qf6 {was Black's only chance.}) 23. Qg4 Qxg4+ 24. fxg4 Nf4
25. Rc6 $1 {White's initiative is decisive.} dxe5 26. Rxa6 Nd3 27. Re3 Nxb2 $2
(27... Rbd8 28. a5 Nxb2 29. Ra7 Nd3 30. Rc7 {[%csl Gc5]} Nf4 31. a6 Ne6 32. Re7
Nd4 33. a7 $16) 28. a5 e4 29. Rxe4 Nd3 30. Rc6 Ra8 31. a6 {A blunder? No!} h5 (
31... Rxa6 32. Rxa6 Nc5 33. Bxf7+ Kxf7 (33... Kh8 34. Rae6 Nxe4 35. Rxe4 $18)
34. Ra7+ $18) 32. g5 Rfc8 33. Rxc8+ Rxc8 34. g6 1-0

[Event "Amber-blindfold 20th"]
[Site "Monte Carlo"]
[Date "2011.03.17"]
[Round "5"]
[White "Ivanchuk, Vassily"]
[Black "Carlsen, Magnus"]
[Result "1-0"]
[WhiteElo "2779"]
[BlackElo "2815"]
[PlyCount "57"]
[EventDate "2011.03.12"]
[EventType "tourn (rapid)"]
[EventRounds "11"]
[EventCountry "MNC"]
[EventCategory "21"]
[SourceTitle "CBM 142"]
[Source "ChessBase"]
[SourceDate "2011.05.17"]

1. Nf3 Nf6 2. c4 e6 3. Nc3 c5 4. d4 cxd4 5. Nxd4 a6 6. e4 Qc7 7. a3 b6 8. Be3
Bb7 9. f3 Be7 10. Be2 O-O 11. Rc1 Rd8 12. O-O Bd6 13. Kh1 Nc6 14. Ndb5 axb5 15.
Nxb5 Bxh2 16. Nxc7 Bxc7 17. c5 bxc5 18. Rxc5 d5 19. Rxc6 Bxc6 20. Qc1 Be5 21.
f4 Bxb2 22. Qxb2 Nxe4 23. Rc1 Rab8 24. Qe5 Be8 25. Bd3 Rb3 26. Bd4 f6 27. Qxe6+
Bf7 28. Qa6 h5 29. Rc7 1-0